Grob basic electronics (Record no. 7979)
[ view plain ]
| 000 -LEADER | |
|---|---|
| fixed length control field | 00587 a2200169 4500 |
| 020 ## - INTERNATIONAL STANDARD BOOK NUMBER | |
| International Standard Book Number | 002800762X |
| 040 ## - CATALOGING SOURCE | |
| Original cataloging agency | DLC |
| Language of cataloging | DLC |
| 082 00 - DEWEY DECIMAL CLASSIFICATION NUMBER | |
| Classification number | 621.381 |
| 100 1# - MAIN ENTRY--PERSONAL NAME | |
| Personal name | Grob, Bernard. |
| 245 10 - TITLE STATEMENT | |
| Title | Grob basic electronics |
| Statement of responsibility, etc. | Bernard Grob. |
| 250 ## - EDITION STATEMENT | |
| Edition statement | 7th ed. |
| 260 ## - PUBLICATION, DISTRIBUTION, ETC. | |
| Place of publication, distribution, etc. | Lake Forest, Ill. : |
| Name of publisher, distributor, etc. | Glencoe, |
| Date of publication, distribution, etc. | c1992. |
| 300 ## - PHYSICAL DESCRIPTION | |
| Extent | xi, 930 p., 16 p. of plates : |
| Other physical details | ill. (some col.) ; |
| Dimensions | 27 cm. + |
| Accompanying material | 1 computer disk (5 1/4 in.) |
| 500 ## - GENERAL NOTE | |
| General note | System requirements for computer disk: IBM PC; DOS; CGA card (VGA or EGA card required for color display). |
| 650 #0 - SUBJECT ADDED ENTRY--TOPICAL TERM | |
| Topical term or geographic name entry element | Electronics. |
| 942 ## - ADDED ENTRY ELEMENTS (KOHA) | |
| Koha item type | Book |
| Call number prefix | 621.381 GRO |
| Source of classification or shelving scheme | |
| Withdrawn status | Lost status | Damaged status | Not for loan | Collection code | Permanent Location | Current Location | Shelving location | Date acquired | Source of acquisition | Total Checkouts | Full call number | Barcode | Date last seen | Price effective from | Koha item type | Cost, normal purchase price |
|---|---|---|---|---|---|---|---|---|---|---|---|---|---|---|---|---|
| Central Library (CL) | Central Library (CL) | General Stacks | 08/01/2003 | Donation | 621.381 GRO | SEECS003733 | 11/14/2012 | 01/05/2017 | Book | |||||||
| Central Library (CL) | Central Library (CL) | General Stacks | 07/27/2004 | Donation | 621.381 GRO | SEECS004638 | 11/14/2012 | 01/05/2017 | Book | 0.00 | ||||||
| Central Library (CL) | Central Library (CL) | General Stacks | 01/17/2004 | Donation | 621.381 GRO | SEECS004151 | 03/09/2021 | 01/05/2017 | Book | 0.00 | ||||||
| Central Library (CL) | Central Library (CL) | General Stacks | 05/27/2014 | 621.381 GRO | SEECSD00043 | 11/14/2012 | 01/05/2017 | Book |
